| 000 | 00928nam a2200289 i 4500 | ||
|---|---|---|---|
| 001 | 67537 | ||
| 003 | ES-MaACL | ||
| 005 | 20250929063128.0 | ||
| 007 | t| | ||
| 008 | 040603s2003 sp ||||0| spa d | ||
| 020 | _a84-339-6198-5 | ||
| 080 | _a001:316.74 | ||
| 080 | _a001:1 | ||
| 100 | 1 |
_aBourdieu, Pierre, _d1930-2002 _930964 |
|
| 245 | 1 | 3 |
_aEl oficio de científico : _bciencia de la ciencia y reflexividad / _cPierre Bourdieu ; traducción de Joaquín Jordá. |
| 260 |
_aBarcelona : _bAnagrama, _c[2003] |
||
| 300 |
_a212 p. ; _c22 cm. |
||
| 490 | 1 |
_aArgumentos ; _v305 |
|
| 504 | _aBibliografía: p. 199-208. | ||
| 594 | _aCurso del Collège de France 2000-2001 | ||
| 650 | 0 |
_aCiencia- _xAspectos sociales _9237698 |
|
| 650 | 4 |
_aCiencia- _xFilosofía. _910950 |
|
| 700 | 1 |
_aJordá, Joaquín. _966895 |
|
| 830 | 1 |
_aArgumentos ; _v305 _9178418 |
|
| 852 | 4 |
_aES-MaACL _jL-27818 |
|
| 999 |
_c67537 _d67537 |
||